| 000 | 00993nam1a22002291i 4500 | ||
|---|---|---|---|
| 001 | rc\2885434 | ||
| 005 | 20240723191155.0 | ||
| 035 | _a(NLR Aleph) 007038027 | ||
| 090 |
_a6069246 _c6069246 |
||
| 100 | _a20110722f19201935|||y0rusy50 ca | ||
| 101 | 0 | _arus | |
| 102 | _aRU | ||
| 105 | _ay z ||||| | ||
| 200 | 1 |
_aТехника нормировочной работы _fИнж. Л.М. Бурас _gЗаоч. подготовка кадров ... ВСНХ-СССР ... Отд. массово-производ. просвещения ... |
|
| 210 |
_aМосква _cГос. науч.-техн. изд-во _dБ. г. _eРязань _gтип. Мособлполиграфа |
||
| 215 | _d22х15 см | ||
| 702 | 1 |
_aБурас _bЛ.М. _f1901- _gЛев Михайлович _4570 |
|
| 710 | 0 | 2 |
_aМосковский текстильный институт _bСектор заочного обучения |
| 801 | 0 |
_aRU _bNLR _gpsbo |
|
| 801 | 1 |
_aRU _bELAR _2rusmarc |
|
| 852 |
_aNLR _j30.18/233 (6) |
||
| 942 | _cBOOK | ||